150 People with 'M' First Names Quiz Stats

Quiz not verified by Sporcle

Challenge
Share
Tweet
Embed
Score 0/150 Timer 18:00
0 Plays Today
One-Line Bio Person % Correct
First Lady to the 44th US PresidentMichelle Obama
89.1%
One-named 'Like a Virgin/Prayer,' 'Vogue' singerMadonna
89.1%
The King of Pop; 'Thriller,' 'Beat It,' 'Billie Jean' etc.Michael Jackson
87%
Bombshell actress of 'Gentlemen Prefer Blondes,' et al.Marilyn Monroe
87%
Founder & CEO of FacebookMark Zuckerberg
87%
'I Have a Dream' Civil Rights Leader; AssassinatedMartin Luther King Jr.
84.8%
Chemist & physicist who discovered radium & poloniumMarie Curie
84.8%
'Hannah Montana' actress & 'Wrecking Ball' singerMiley Cyrus
84.8%
Current First Lady of the United StatesMelania Trump
84.8%
Lead singer & co-founder of the Rolling StonesMick Jagger
82.6%
First female prime minister of the United KingdomMargaret Thatcher
82.6%
'Good Will Hunting,' 'Bourne,' & 'The Martian' starMatt Damon
82.6%
Actor/director of 'Braveheart' & 'The Patriot' et al.Mel Gibson
82.6%
R&B legend of 'Let's Get it On' & 'What's Going On?'Marvin Gaye
82.6%
Star of 'When Harry Met Sally,' 'You've Got Mail' et al.Meg Ryan
80.4%
Civil Rights & Nation of Islam preacher; AssassinatedMalcolm X
80.4%
Acting icon of 'The Godfather,' 'On the Waterfront'Marlon Brando
80.4%
The first First Lady of the United StatesMartha Washington
78.3%
Actress of 'That 70's Show' & 'Black Swan' fameMila Kunis
78.3%
Eldest daughter of the 44th presidentMalia Obama
78.3%
One-named Renaissance artist of 'David' & frescoesMichelangelo
76.1%
English novelist of 'Frankenstein' fameMary Shelley
73.9%
Comedic actress of 'Bridesmaids,' 'Ghostbusters' etc.Melissa McCarthy
73.9%
13th President of the United StatesMillard Fillmore
71.7%
Pop icon of 'Without You,' 'We Belong Together' fameMariah Carey
71.7%
Venetian merchant who went to China in the 13th c.Marco Polo
71.7%
3x Oscar-winner of 'Kramer vs. Kramer,' 'The iron Lady'Meryl Streep
71.7%
Actress of 'Transformers' & 'Ninja Turtles' filmsMegan Fox
69.6%
Vice President of the United StatesMike Pence
67.4%
'Secretary,' & 'Dark Knight' actress; Sister of JakeMaggie Gyllenhaal
67.4%
Star of 'Rosemary's Baby,' Woody Allen filmsMia Farrow
67.4%
White House Intern & sex-haver with Bill ClintonMonica Lewinsky
67.4%
'9½ Weeks,' 'Barfly,' 'The Wrestler,' 'Iron Man 2' actorMickey Rourke
65.2%
First female Secretary of State (1997-01)Madeleine Albright
65.2%
Actress best known as the star of 'Working Girl'Melanie Griffith
65.2%
'All About That Bass,' 'Lips Are Movin' pop singerMeghan Trainor
65.2%
'Se7en,' 'Glory,' 'Driving Miss Daisy' actor; God, maybeMorgan Freeman
65.2%
Philanthropist; Wife of Microsoft founder BillMelinda Gates
65.2%
'My Cousin Vinny,' 'The Wrestler,' actress; MCU's Aunt MayMarisa Tomei
65.2%
Acteress & star of 'Law and Order: SVU' since 1999Mariska Hargitay
65.2%
Poet/writer of 'I Know Why the Caged BIrd Sings' etc.Maya Angelou
63%
'Interstellar' & 'Dallas Buyers Club' actor; Alright, alrightMatthew McConaughey
63%
Star of 'The Breakfast Club,' 'Pretty in Pink,' et al.Molly Ringwald
63%
All-time great Czech women's tennis player (1975-06)Martina Navratilova
63%
Deaf Oscar-winner of 'Children of a Lesser God'Marlee Matlin
63%
French actress of 'La Vie en Rose,' 'Inception,' et al.Marion Cotillard
60.9%
Actress of 'Good Will Hunting,' 'Tarzan' fameMinnie Driver
60.9%
Iconic jazz trumpeter of 'All Blues,' etc.Miles Davis
60.9%
'Wolf of Wall Street' & 'Suicide Squad' actressMargot Robbie
60.9%
5x Grand Slam winning female, Russian tennis starMaria Sharapova
58.7%
One-Line Bio Person % Correct
Talk show host; 'Jeopardy!,' 'Wheel of Fortune' creatorMerv Griffin
56.5%
Explorer of the Louisiana Territory with ClarkMeriwether Lewis
56.5%
2012 Presidential loser; Massachusetts GovernorMitt Romney
56.5%
Actress/writer of 'The Office' & her eponymous 'Project'Mindy Kaling
56.5%
TV actress of 'Blossom' & 'The Big Bang Theory'Mayim Bialik
56.5%
Actress of 'The Fifth Element' & 'Resident Evil' filmsMilla Jovovich
54.3%
Last Soviet Premier; First Soviet PresidentMikhail Gorbachev
52.2%
Panamanian dictator from 1983-89Manuel Noriega
52.2%
Actress of 'American Pie' & 'American Beauty'Mena Suvari
52.2%
R&B/soul singer of 'I Try' fameMacy Gray
52.2%
3x Heavyweight champ boxer; 'Float like a butterfly...'Muhammad Ali
50%
Hockey legend for the Penguins from 1984-06Mario Lemieux
50%
Children's author of 'Where the Wild Things Are'Maurice Sendak
50%
Spanish author of 'Don Quixote'Miguel de Cervantes
50%
Actress of 'The O.C.' & 'The Sixth Sense'Mischa Barton
50%
Daytime TV host of 'You are NOT the father' fameMaury Povich
50%
Oscar for 'Mighty Aphrodite;' Romy of 'Romy and Michele'Mira Sorvino
50%
'Criminal Minds,' 'Chicago Hope,' 'Homeland' starMandy Patinkin
50%
One-named actress/comedian; Won 'Precious' OscarMo'Nique
50%
13x all star closer for Yankees; Most saves all timeMariano Rivera
45.7%
Current US Senate Majority LeaderMitch McConnell
45.7%
Attorney famous for losing the O.J. Simpson caseMarcia Clark
45.7%
'One Flew Over the Cuckoo's Nest' & 'Amadeus' directorMiloš Forman
45.7%
Second wife of current POTUS; Actress; Tiffany's momMarla Maples
45.7%
Medical talk show host; Cardiac surgeonMehmet Oz
43.5%
Raiders RB (née Seahawks & Bills); 'Beast Mode'Marshawn Lynch
43.5%
Hall of Fame Lakers' PG ('79-91); Current Lakers GMMagic Johnson
41.3%
Star Filipino welterweight champion boxerManny Pacquiao
41.3%
Argentinian shooting guard for the Spurs since 2002Manu Ginóbili
41.3%
Tallest NBA player ever (7'7) from 1985-96Manute Bol
41.3%
Rapper of 'Get Ur Freak On,' 'Work It' fameMissy Elliott
41.3%
'Austin Powers,' 'Lost in Space' actress; Ex of CruiseMimi Rogers
41.3%
Bug-eyed actor known for Igor in 'Young Frankenstein'Marty Feldman
39.1%
Birthname of Indian independence leader; 'Mahatma'Mohandas Gandhi
39.1%
'Young Frankenstein,' 'Clue,' 'Blazing Saddles' actressMadeline Kahn
39.1%
NBC News host; Former rising star at Fox NewsMegyn Kelly
39.1%
Hall of Fame RB for Colts & Rams (1994-05)Marshall Faulk
37%
Hall of fame DT; 'Little House on the Prairie' actorMerlin Olsen
37%
Leader of the French National Front; 2017 loserMarine Le Pen
34.8%
WWII vet & civil rights leader murdered by the KlanMedgar Evers
34.8%
Iconic NBA announcer for TNT; 'YES!'Marv Albert
34.8%
Actress known for Arya on 'Game of Thrones'Maisie Williams
32.6%
3x Olympic Gold beach volleyball player (04, 08, 12)Misty May-Treanor
32.6%
Danish 'Hannibal,' 'Rogue One,' 'Doctor Strange' actorMads Mikkelsen
32.6%
Oscar-winning actor for 'Moonlight'Mahershala Ali
30.4%
Former child star of 'Matilda' & 'Mrs. Doubtfire'Mara Wilson
30.4%
Golden-Globe winning actress of 'The Affair,' 'ER'Maura Tierney
30.4%
TV host of 'Double Dare' & 'Unwrapped'Marc Summers
28.3%
4x Olympic gold medalist British distance runnerMo Farah
28.3%
Silver-screen star of 'I'm No Angel,' 'Night after Night'Mae West
28.3%
One-Line Bio Person % Correct
6th Israeli Prime Minister & Nobel Peace Prize winnerMenachem Begin
28.3%
Nominated for the Supreme Court but got no hearingMerrick Garland
28.3%
Australian supermodel of Victoria's Secret stardomMiranda Kerr
28.3%
Gold medalist gymnast in 2012; Disappointed faceMcKayla Maroney
28.3%
World Series MVP pitcher for the GiantsMadison Bumgarner
28.3%
'Let's Make a Deal' host & probability puzzle namesakeMonty Hall
28.3%
Actress/model of 'Friday Night Lights;' Ex-of Derek JeterMinka Kelly
28.3%
Swedish actress of 'Watchmen' & 'The Heartbreak Kid'Malin Åkerman
28.3%
Danish NFL kicker (1982-07); All-time points leaderMorten Andersen
28.3%
Famed conservative economist of the latter 20th c.Milton Friedman
26.1%
TV actor of 'Gilmore Girls' & 'This is Us'Milo Ventimiglia
26.1%
Longtime U. Texas football coach (1998-13)Mack Brown
26.1%
Child actress with breakout role on 'Stranger Things'Millie Bobby Brown
26.1%
Libyan Chairman (dictator) from 1969-2011Muammar Gaddafi
26.1%
French cubist/dadaist artist of 'Fountain' et al.Marcel Duchamp
26.1%
Starting running back for the Los Angeles ChargersMelvin Gordon
26.1%
Actor of 'ER,' '8 Mile,' 'Paid in Full,' 'Lie to Me,' etc.Mekhi Phifer
23.9%
Early 20th c. 'back to Africa' black nationalistMarcus Garvey
23.9%
Noted CEO of Yahoo! since 2012Marissa Mayer
23.9%
Fmr. Minnesota Rep. ('07-15); Pres. candidate in '12Michele Bachmann
21.7%
French revolutionary figure; led Reign of TerrorMaximilien Robespierre
21.7%
Youngest Nobel Peace Prize winner; Education advocateMalala Yousafzai
21.7%
Iranian president (2005-13); Disliker of AmericaMahmoud Ahmadinejad
21.7%
Longtime kicker for the Packers since 2007Mason Crosby
21.7%
Actress of 'Firefly,' 'Homeland,' & 'Deadpool' Morena Baccarin
21.7%
Emmy-nominee for 'The Americans' & 'Justified'Margo Martindale
21.7%
Theoretical physicist & discoverer quantum mechanicsMax Planck
19.6%
Co-host of 'The View' (1997-06), & 'Today' (2006-11)Meredith Vieira
19.6%
Retired German striker for Bayern Munich et al.Miroslav Klose
19.6%
Shortest player in NBA history (5'3) from 1987-01Muggsy Bogues
19.6%
76ers point guard; #1 pick in 2017 NBA DraftMarkelle Fultz
19.6%
Actor of Bubba in 'Forrest Gump;' 'Con Air,' et al.Mykelti Williamson
17.4%
NBA/ABA legend; 'The Chairman of the Boards'Moses Malone
17.4%
New York Mets legend CF of 1986 World Series fameMookie Wilson
17.4%
Retired female MMA fighter; two-time loser to RouseyMiesha Tate
15.2%
DE for the Browns; #1 Pick of the 2017 NFL DraftMyles Garrett
15.2%
Jan on 'The Office;' 'Monk' & 'Transparent' recurrerMelora Hardin
15.2%
California Rep. since 1991; Trump opponent; 'Auntie'Maxine Waters
13%
White rapper with hits 'Donald Trump' & 'Knock, Knock'Mac Miller
13%
Mid-20th c. post-structuralist French philosopherMichel Foucault
13%
Actress and comedian starring on 'Casual'Michaela Watkins
10.9%
Co-host of 'Morning Joe' on MSNBCMika Brzezinski
10.9%
'Think Like a Man' & 'Anchorman 2' actressMeagan Good
10.9%
Librarian known for his 'Decimal' classification systemMelvil Dewey
10.9%
Egyptian president ousted in 2013 coupMohamed Morsi
10.9%
Star of 'Rosewood;' Actor in 'Boyz N the Hood,' et al.Morris Chestnut
8.7%
'Terminator: Salvation,' 'Falling Skies' actress; Lunar nameMoon Bloodgood
8.7%
Iranian Prime Minister (1951-53) until overthrown by CIAMohammad Mosaddegh
6.5%
Swedish game developer of MinecraftMarkus Persson
6.5%
Singer & guitarist of The Strangers, 'Mama Tried'Merle Haggard
6.5%

You're not logged in!

Compare scores with friends on all Sporcle quizzes.
Sign Up with Email
OR
Log In

You Might Also Like...

Show Comments

Extras

Top Quizzes Today


Score Distribution

Your Account Isn't Verified!

In order to create a playlist on Sporcle, you need to verify the email address you used during registration. Go to your Sporcle Settings to finish the process.